Visualizzazione normale
Vista MARC
- De Lorenzo
di Personal Name
Records bibliografici associati: 1
001 - CONTROL NUMBER
- control field: 11746
003 - CONTROL NUMBER IDENTIFIER
- control field: IT-RoPau
005 - DATE AND TIME OF LATEST TRANSACTION
- control field: 20140201120510.0
008 - FIXED-LENGTH DATA ELEMENTS
- fixed length control field: 140201|| aca||aabn | a|a d
040 ## - CATALOGING SOURCE
- Original cataloging agency: IT-RoPau
- Transcribing agency: IT-RoPau
100 ## - HEADING--PERSONAL NAME
- Personal name: De Lorenzo
- Miscellaneous information: Codice autore musica SPICS: 15786
- Relator term: Autore musica
- Name of part/section of a work: Quando dicesti si - Per un filino d'erba - Ho sognato Firenze
670 ## - SOURCE DATA FOUND
- Source citation: Work cat.: (IT-RoPau)99699: AA.VV. 794, Recital di Luciano Virgili